| 000 -LEADER |
| fixed length control field |
00499cam a22001457a 4500 |
| 008 - FIXED-LENGTH DATA ELEMENTS--GENERAL INFORMATION |
| fixed length control field |
180718b1993 xxu||||| |||| 00| 0 eng d |
| 082 ## - DEWEY DECIMAL CLASSIFICATION NUMBER |
| Classification number |
T29 D493 |
| 100 ## - MAIN ENTRY--PERSONAL NAME |
| Personal name |
Ahluwalia, Montek S. |
| 245 ## - TITLE STATEMENT |
| Title |
Income inequality: some dimensions of the problem |
| 260 ## - PUBLICATION, DISTRIBUTION, ETC. |
| Place of publication, distribution, etc. |
Boulder |
| Name of publisher, distributor, etc. |
Rienner |
| Date of publication, distribution, etc. |
1993 |
| 300 ## - PHYSICAL DESCRIPTION |
| Extent |
p.31-42 |
| 500 ## - GENERAL NOTE |
| General note |
[In] Development underdevelopment: the political economy ofinequality, edited by Mitchell A. Seligson & John T. Passe-Smith |
| 650 ## - SUBJECT ADDED ENTRY--TOPICAL TERM |
| Topical term or geographic name entry element |
Income Distribution |
| 650 ## - SUBJECT ADDED ENTRY--TOPICAL TERM |
| Topical term or geographic name entry element |
Income |